U.S. States With The Most Ski Resorts - Statistics

General Stats
  • This quiz has been taken 233 times
  • The average score is 8 of 10
Answer Stats
# Of Resorts State % Correct
31 Colorado
97%
30 California
93%
24 Vermont
91%
41 New York
90%
20 Maine
86%
30 New Hampshire
83%
26 Pennsylvania
74%
39 Michigan
72%
20 Minnesota
70%
31 Wisconsin
66%
No matching quizzes found
Score Distribution
Percent of People with Each Score
Percentile by Number Answered
Your Score History
You have not taken this quiz